<?xml version="1.0" encoding="UTF-8"?>
<record
    xmlns:xsi="http://www.w3.org/2001/XMLSchema-instance"
    xsi:schemaLocation="http://www.loc.gov/MARC21/slim http://www.loc.gov/standards/marcxml/schema/MARC21slim.xsd"
    xmlns="http://www.loc.gov/MARC21/slim">

  <leader>01410    a2200217   4500</leader>
  <controlfield tag="001">47981</controlfield>
  <controlfield tag="005">20260407155745.0</controlfield>
  <controlfield tag="008">260407a1954    arg                 spa d</controlfield>
  <controlfield tag="003">AR-UNSa-BCEJYS</controlfield>
  <datafield tag="040" ind1=" " ind2=" ">
    <subfield code="a">AR-UNSa-BCEJYS</subfield>
    <subfield code="b">spa</subfield>
    <subfield code="c">AR-UNSa-BCEJYS</subfield>
  </datafield>
  <datafield tag="080" ind1=" " ind2=" ">
    <subfield code="a">336.74</subfield>
    <subfield code="x">Moneda. Sistema monetario</subfield>
  </datafield>
  <datafield tag="245" ind1="1" ind2="0">
    <subfield code="a">Teor&#xED;a monetaria y pol&#xED;tica f&#xED;scal</subfield>
  </datafield>
  <datafield tag="264" ind1=" " ind2="1">
    <subfield code="a">Buenos Aires :</subfield>
    <subfield code="b">Fondo de Cultura Econ&#xF3;mica</subfield>
    <subfield code="c">1954</subfield>
  </datafield>
  <datafield tag="300" ind1=" " ind2=" ">
    <subfield code="a">273 p.</subfield>
    <subfield code="c">21 cm.</subfield>
  </datafield>
  <datafield tag="505" ind1=" " ind2=" ">
    <subfield code="a">1. La relaci&#xF3;n entre la cantidad de dinero y el monto de los ingresos a trav&#xE9;s de la historia - 2. La "creaci&#xF3;n" de dinero - 3. L teor&#xED;a cuantitativa y si versi&#xF3;n marshallina - 4. La preferencia por la liquidez, la inversi&#xF3;n y el consumo - 5. El ingreso y la tasa de inter&#xE9;s - 6. La teor&#xED;a del ingreso: Tooke, Wicksell, Aftalion, Keynes - 7. Las funciones de costo, la ocupaci&#xF3;n y los precios - 8. Salarios y precios - 9. La teor&#xED;a Keynesiana del dinero y de los precios - 10. Ojeada hist&#xF3;rica a los precios: factores tendientes a producir estabilidad - 11. La pol&#xED;tica monetaria y fiscal en la inflaci&#xF3;n postb&#xE9;lica - 12. Funci&#xF3;n del dinero en la pol&#xED;tica fiscal - 13. Una pol&#xED;tica fiscal compensatoria dirigida - 14. Expansi&#xF3;n monetaria e ingreso nacional. </subfield>
  </datafield>
  <datafield tag="942" ind1=" " ind2=" ">
    <subfield code="c">BK</subfield>
  </datafield>
  <datafield tag="590" ind1=" " ind2=" ">
    <subfield code="a">niveau_biblio:m niveau_hierar:0</subfield>
  </datafield>
  <datafield tag="100" ind1="1" ind2=" ">
    <subfield code="a">Justic de Flores, Alena</subfield>
  </datafield>
  <datafield tag="700" ind1="1" ind2=" ">
    <subfield code="a">Hansen, Alvin H.</subfield>
  </datafield>
  <datafield tag="700" ind1="1" ind2=" ">
    <subfield code="a">Flores de la Pe&#xF1;a, Horacio</subfield>
  </datafield>
  <datafield tag="999" ind1=" " ind2=" ">
    <subfield code="c">4510</subfield>
    <subfield code="d">4510</subfield>
  </datafield>
  <datafield tag="952" ind1=" " ind2=" ">
    <subfield code="0">0</subfield>
    <subfield code="1">0</subfield>
    <subfield code="4">0</subfield>
    <subfield code="7">0</subfield>
    <subfield code="a">BCEJYS</subfield>
    <subfield code="b">BCEJYS</subfield>
    <subfield code="c">16</subfield>
    <subfield code="d">2026-04-07</subfield>
    <subfield code="l">0</subfield>
    <subfield code="o">336.74 H249</subfield>
    <subfield code="p">L20267</subfield>
    <subfield code="r">2026-04-07 15:57:46</subfield>
    <subfield code="w">2026-04-07</subfield>
    <subfield code="y">L</subfield>
  </datafield>
</record>
